| 000 | 00480nam a22001817a 4500 | ||
|---|---|---|---|
| 005 | 20240108112355.0 | ||
| 008 | 190405b xxu||||| |||| 00| 0 eng d | ||
| 020 | _a978-9383-073-46-7 | ||
| 041 | _aeng | ||
| 082 | _a615.321 | ||
| 100 |
_aGOKHALE, S.B .,KOKATE,C.K AND PUROHIT,A.P _98281 |
||
| 245 | _aA TEXT BOOK OF PHARMACOGNOSY -V (PLANTBIOLOGY) SEM-VI | ||
| 250 | _a3RD ,2019 | ||
| 260 |
_aPUNE _bNIRALI PUBLICATION |
||
| 300 | _a1.4;p | ||
| 650 | _aPHARMACY | ||
| 942 | _cBK | ||
| 999 |
_c5806 _d5804 |
||